000 01091nam a22003017a 4500
003 MX-MxINE
005 20260530113919.0
008 260520t1998 mx a|||| |||| 00| 0 spa d
020 _a 968653363X
040 _aMX-MxINE
_bspa
_cMX-MxINE
_erda
041 _aspa
050 _aF1219.3A7
_bC374
100 _aCastelló Yturbide, Teresa,
_d1917-2015
_eautor
_934431
245 1 3 _aLa Chaquira en México /
_cTeresa Castello Yturbide, Carlotta Mapelli Mozzi ; introd. Alfonso de Maria y Campos
264 _aMéxico :
_bMuseo Franz Mayer :
_bArtes de México,
_c1998
300 _a71 páginas :
_bilustraciones
336 _2rdacontent
_atexto
337 _2rdamedia
_asin medio
338 _2rdacarrier
_avolumen
490 _aColección Uso y estilo ;
_v6
500 _aTexto en español e inglés
650 4 _aArte indígena
_zMéxico
_9597
650 4 _aChaquira
_zMéxico
_934432
650 4 _aIndios de México
_xRopa
_934433
700 1 _aMapelli Mozzi, Carlotta,
_eautor
_934434
700 1 _aMaría y Campos, Armando de,
_d1897-1967,
_eprologuista
_99568
942 _2lcc
_cBK
_n1
999 _c12395
_d12395